00253nam a2200085Ia 450000100070000000500170000700800410002424500780006526000240014370412120250826162404.0250824s9999 xx 000 0 und d 0aŞİRİN ÖDÜLLER, MESLEKLER VE NELER NELERcBİRSEN EKİM ÖZEN bTİMAŞ YAYINLARI